书目信息 |
| 题名: |
幸福财女计划:让女人幸福一生的财富课堂
|
|
| 作者: | 张达红 | |
| 分册: | ||
| 出版信息: | 北京 中信出版社 2016 |
|
| 页数: | 246页 | |
| 开本: | 26cm | |
| 丛书名: | ||
| 单 册: | ||
| 中图分类: | TS976.15-49 | |
| 科图分类: | ||
| 主题词: | 家庭管理 | |
| 电子资源: | ||
| ISBN: | 978-7-5086-2175-3 | |
| 000 | 00659nam0 2200205 450 | |
| 001 | 908 | |
| 005 | 20160912094225.29 | |
| 010 | @a978-7-5086-2175-3@b平装@dCNY28.00 | |
| 100 | @a20160724d2016 km y0chiy0120 ea | |
| 101 | 0 | @achi |
| 102 | @aCN@b110000 | |
| 200 | 1 | @a幸福财女计划:让女人幸福一生的财富课堂@Axing fu cai nu ji hua:rang nu ren xing fu yi sheng de cai fu ke tang@f张达红@Fzhang da hong |
| 210 | @a北京@c中信出版社@d2016 | |
| 215 | @a246页@d26cm | |
| 330 | @a女性·财务管理·通俗读物 | |
| 606 | 0 | @a家庭管理 |
| 690 | @aTS976.15-49@v4 | |
| 701 | 0 | @a张达红@Azhang da hong |
| 801 | 0 | @aCN@b唐山师范学院图书馆@c20160724 |
| 905 | @aZUCC@dTS976.15-49@e407 | |
| 幸福财女计划:让女人幸福一生的财富课堂/张达红.-北京:中信出版社,2016 |
| 246页;26cm |
| ISBN 978-7-5086-2175-3(平装):CNY28.00 |
| 女性·财务管理·通俗读物 |
| ● |
| 相关链接 |
|
|
|
|
正题名:幸福财女计划:让女人幸福一生的财富课堂
索取号:TS976.15-49/407
 
预约/预借
| 序号 | 登录号 | 条形码 | 馆藏地/架位号 | 状态 | 备注 |
| 1 | 904315 | 209043159 | 第二样本阅览室/ [索取号:TS976.15-49/407] | 在馆 | |
| 2 | 904316 | 209043168 | 第三借阅区/ [索取号:TS976.15-49/407] | 在馆 | |
| 3 | 904317 | 209043177 | 第三借阅区/ [索取号:TS976.15-49/407] | 在馆 |